Points communs (images) - Statistiques

Statistiques générales
  • Ce quiz a été pris 44 fois
  • Le résultat moyen est 27 sur 40
Statistiques - réponses
Par images Réponse % Correct
Donald Duck
100%
Donald Trump
100%
Paris Hilton
93%
Paris (ville)
93%
Jordan Bardella
90%
Michael Jordan
90%
Florence Foresti
88%
Florence (ville)
88%
Muriel Robin
88%
Robin des bois
88%
Marguerite Duras
86%
une marguerite
86%
Kim Jong Un
83%
Kim Kardashian
83%
Baba au rhum
74%
Baba Yaga
74%
Berlin (La casa de papel)
69%
Berlin (ville)
69%
Denzel Washington
69%
Lady Diana
69%
Lady (La belle et le clochard)
69%
Washington (ville)
69%
Catherine Lara
64%
Ford Focus
64%
Harrisson Ford
64%
Lara Fabian
64%
Hervé Renard
60%
Wendie Renard
60%
Blaise Matuidi
55%
Blaise Pascal
55%
des pétunias
52%
Pétunia Dursley
52%
Toulouse (Les Aristochats)
43%
Toulouse (ville)
43%
Orlando Bloom
38%
Orlando (ville)
38%
Emily Blunt
36%
James Blunt
36%
Sergio Leone
24%
Sierra Leone
24%
Aucun quiz correspondant
Distribution des résultats
% des personnes avec chaque résultat
Percentile par nombre de réponses
Votre historique - résultats
Vous n’avez pas pris ce quiz